| 000 | 01497nam a2200361 i 4500 | ||
|---|---|---|---|
| 001 | 195421 | ||
| 003 | SpMaBN | ||
| 005 | 20250825062738.0 | ||
| 007 | ta | ||
| 008 | 240611q19-- sp spa | ||
| 016 | 7 |
_abimoBNE19971665682 _zIND9100130872 _2SpMaBN |
|
| 035 | _a(OCoLC)851334504 | ||
| 035 | _abimo0000685314 | ||
| 040 |
_aSpMaBN _bspa _cA2 _dES-MaACL |
||
| 080 | _a92:235.3 | ||
| 080 | _a235.3:92 | ||
| 245 | 0 | 3 |
_aEl cristianismo y sus héroes. _nTomo segundo / _cobra escrita por una sociedad de autores católicos ; bajo la dirección de Jaime Cardona, Obispo de Sión ; precedida de una carta autógrafa del Arzobispo-Obispo de Madrid-Alcalá ; y seguido de un juicio crítico del Cardenal Arzobispo de Toledo. |
| 260 |
_aMadrid : _bMariano Núñez Samper Editor, _c[1905?] |
||
| 300 |
_a981 p. : _bil. ; _c33 cm |
||
| 336 |
_2rdacontent _atexto |
||
| 337 |
_2rdamedia _asin mediación |
||
| 338 |
_2rdacarrier _avolumen |
||
| 500 | _aTexto a 2 col. | ||
| 650 | 7 |
_aSantos cristianos- _xBiografías _9159200 |
|
| 655 | 0 |
_aBiografías _9176647 |
|
| 700 | 1 |
_aCardona, Jaime, _d1838-1923 _9126331 |
|
| 852 |
_aES-MaACL _cDEPO2 _jG-15983 _hLegado: Juan Antonio Porto _xEncuadernación holandesa _9203316 |
||
| 903 |
_993285 _aPorto, Juan Antonio, _q1 _d1937-2021 _ednr |
||
| 942 |
_n0 _cMONOGRAFIA |
||
| 999 |
_c195421 _d195421 |
||